La rebelión de las masas
Сохранить в:
| Формат: | |
|---|---|
| Язык: | испанский |
| Опубликовано: |
Madrid
Revista de Occidente
1957
|
| Редактирование: | 31a. ed |
| Предметы: | |
| Метки: |
Добавить метку
Нет меток, Требуется 1-ая метка записи!
|
MARC
| LEADER | 00000nam a2200000 a 4500 | ||
|---|---|---|---|
| 001 | UCQ2863 | ||
| 003 | CL-VaPUC | ||
| 008 | 980731e19570000SP |||||||||||||||||spa|d | ||
| 082 | 0 | 4 | |a 196.1 |b ORT |2 21 |
| 245 | 1 | 3 | |a La rebelión de las masas |
| 250 | |a 31a. ed | ||
| 300 | |a 353 p | ||
| 942 | |c BK | ||
| 945 | |d 19980731 00:00:00 |a lriquelm | ||
| 260 | |a Madrid |b Revista de Occidente |c 1957 | ||
| 650 | 0 | |a Filosofía española |9 254895 | |
| 650 | 0 | |a Historia |9 255047 | |
| 650 | 0 | |a Vida |9 266033 | |
| 650 | 7 | |a PRIMITIVO |2 CL-VaPUC |9 373423 | |
| 650 | 7 | |a MUNDO |2 CL-VaPUC |9 372714 | |
| 650 | 7 | |a PACIFISMO |2 CL-VaPUC |9 319054 | |
| 650 | 0 | |a Juventud |9 271073 | |
| 650 | 7 | |a MASCULINO |2 CL-VaPUC |9 373424 | |
| 650 | 7 | |a FEMENINO |2 CL-VaPUC |9 373425 | |
| 583 | |a last modification |c 19980731 00:00:00 |k Rodrigo Vera | ||
| 999 | |c 273623 |d 273621 | ||
| 952 | |0 0 |1 0 |4 0 |6 196_100000000000000_ORT_1957 |7 0 |8 A |9 309391 |a BIBEDU |b BIBEDU |d 2019-11-20 |i 1450573 |o 196.1 ORT 1957 |p 1450573 |r 2019-11-20 |w 2019-11-20 |y BK |k LIT | ||